000 00242nam a2200097Ia 4500
008 240625s9999 xx 000 0 und d
041 _aeng
082 _a808.20 SHA
100 _aSHARMA LOKESH
245 _aEMPLOYEE SATISFACTION IN TARANG KINETICS
999 _c36690
_d36690